NLSUI OPAC header image

Anti-arrack movement of women in Andhra Pradesh and prohibition policy / (Record no. 14089)

MARC details
000 -LEADER
fixed length control field 00773nam a2200229 a 4500
001 - CONTROL NUMBER
control field 1667155
003 - CONTROL NUMBER IDENTIFIER
control field OSt
005 - DATE AND TIME OF LATEST TRANSACTION
control field 20260129071448.0
008 - FIXED-LENGTH DATA ELEMENTS--GENERAL INFORMATION
fixed length control field 971128s1997 ii b 001 0 eng
020 ## - INTERNATIONAL STANDARD BOOK NUMBER
International Standard Book Number 9788124104811
040 ## - CATALOGING SOURCE
Transcribing agency .
082 ## - DEWEY DECIMAL CLASSIFICATION NUMBER
Classification number 305.42 SAR
100 1# - MAIN ENTRY--PERSONAL NAME
Personal name Sarveswara Rao, B.
245 10 - TITLE STATEMENT
Title Anti-arrack movement of women in Andhra Pradesh and prohibition policy /
Statement of responsibility, etc. B. Sarveswara Rao, G. Parthasarathy.
260 ## - PUBLICATION, DISTRIBUTION, ETC.
Place of publication, distribution, etc. New Delhi :
Name of publisher, distributor, etc. Har-Anand Publications,
Date of publication, distribution, etc. c1997.
300 ## - PHYSICAL DESCRIPTION
Extent 180 p. ;
Dimensions 22 cm.
650 #0 - SUBJECT ADDED ENTRY--TOPICAL TERM
Topical term or geographic name entry element Temperance
Geographic subdivision India
-- Andhra Pradesh.
650 #0 - SUBJECT ADDED ENTRY--TOPICAL TERM
Topical term or geographic name entry element Women in public life
Geographic subdivision India
-- Andhra Pradesh.
650 #0 - SUBJECT ADDED ENTRY--TOPICAL TERM
Topical term or geographic name entry element Alcoholism
Geographic subdivision India
-- Andhra Pradesh
General subdivision Prevention.
650 #0 - SUBJECT ADDED ENTRY--TOPICAL TERM
Topical term or geographic name entry element Alcoholism
General subdivision Government policy
Geographic subdivision India
-- Andhra Pradesh.
942 ## - ADDED ENTRY ELEMENTS (KOHA)
Source of classification or shelving scheme Dewey Decimal Classification
Koha item type BOOKs
Holdings
Withdrawn status Lost status Damaged status Not for loan Home library Current library Shelving location Date acquired Cost, normal purchase price Total Checkouts Full call number Barcode Date last seen Price effective from Koha item type
        . .   30.05.2017 350.00   305.42 SAR 14385 30.05.2017 30.05.2017 BOOKs